| 000 | 00788nam a2200289Ia 4500 | ||
|---|---|---|---|
| 001 | 21949 | ||
| 003 | IT-RoPAU | ||
| 008 | 130308s9999 xx 000 0 und d | ||
| 040 | _aIT-RoPAU | ||
| 040 | _cIT-RoPAU | ||
| 041 | _aITALIANO | ||
| 100 | _aViviani Giuliano | ||
| 100 | _gCodice Aut. SPICS: 2296 | ||
| 245 | _aAsili al quartiere Monterosso (Gli) | ||
| 245 | _bPizzigoni-Invito Allo Spazio Progetti e Architetture 1923-1967 | ||
| 250 | _a1a ed. | ||
| 260 | _aMILANO | ||
| 260 | _bElecta | ||
| 260 | _c1982 [1° Ed.:1982 - Ed.Ling.Originale:1982] | ||
| 300 | _a"1 p. (prefazione: no ; testo: 1 [pagine: 132-132])" | ||
| 650 | _aAUTORI/OPERE DI ARCHITETTURA | ||
| 650 | _eCodice materia Spics: 5307 | ||
| 942 | _cBK | ||
| 957 | _71 | ||
| 999 |
_c48146 _d48146 |
||
| 999 | _bSI | ||
| 999 | _g1 | ||